| 000 | 00848nmc a2200277 a 4500 | ||
|---|---|---|---|
| 003 | AR-BaBNM | ||
| 005 | 20251128210626.0 | ||
| 008 | 280020s2000 ||||||||||||||000 | spa|| | ||
| 040 | _cAR-BaBNM | ||
| 100 | 1 | _aEgües, Carlos | |
| 245 | 1 | 0 | _aMariano Moreno y las ideas político-constitucionales de su época |
| 260 |
_aCórdoba _bAcademia Nacional de Derecho y Ciencias Sociales _c2000 |
||
| 300 | _a210 p. | ||
| 490 | 0 |
_aAcademia Nacional de Derecho y Ciencias Sociales de Córdoba _vv. 20 |
|
| 500 | _aContiene referencias bibliográficas | ||
| 600 | 1 | 4 | _aMoreno, Mariano |
| 650 | 4 | _aHISTORIA ARGENTINA | |
| 650 | 4 | _aHISTORIA DEL DERECHO ARGENTINO | |
| 650 | 4 | _aHISTORIA DE LAS IDEAS | |
| 650 | 4 | _aFEDERALISMO | |
| 650 | 4 | _aCONSTITUCIONES | |
| 650 | 4 | _aLIBERALISMO | |
| 653 | _aILUSTRACION | ||
| 942 | _cBK | ||
| 998 | _cMariana | ||
| 999 |
_c16230 _d16230 |
||